| 000 | 00493nam a22001577a 4500 | ||
|---|---|---|---|
| 005 | 20240827133627.0 | ||
| 008 | 240827b |||||||| |||| 00| 0 eng d | ||
| 041 | _aEnglish | ||
| 082 | _a349 JOH | ||
| 100 | _lEnglish | ||
| 245 | _aJohannes Voet. Commentary on the Pandects on Suretyship, Novation and Payment | ||
| 260 |
_aGrahamstown: _bAfrican Book Company Ltd, _c1907 |
||
| 300 |
_b188 pages; _c25 cm. |
||
| 650 |
_aLegal practice _bLaw |
||
| 942 |
_cBK _6ALISON_BN_VRIES |
||
| 999 |
_c2867 _d2867 |
||